[Event "USA-ch (Women)"]
[Site "Saint Louis"]
[Date "2018.04.28"]
[Round "10"]
[White "Goletiani, Rusudan"]
[Black "Krush, Irina"]
[Result "0-1"]
[WhiteElo "2306"]
[BlackElo "2422"]
[PlyCount "84"]
[EventDate "2018.04.18"]
[EventType "tourn"]
[EventRounds "11"]
[EventCountry "USA"]
[SourceTitle "CBM 184 Extra"]
[Source "ChessBase"]
[SourceDate "2018.06.28"]
[SourceVersion "1"]
[SourceVersionDate "2018.06.28"]
[SourceQuality "1"]

1. Nf3 Nf6 2. g3 d5 3. Bg2 e6 4. c4 dxc4 5. Qa4+ c6 6. Qxc4 b5 7. Qc2 Bb7 8. 0-0 Nbd7 9. b3 Be7 10. Bb2 0-0 11. Nc3 Qb6 12. d3 c5 13. e4 Rac8 14. Nd2 Nb8 15. Ne2 Nc6 16. a3 Rfd8 17. Rac1 Rd7 18. Nf3 Rcd8 19. Rfd1 b4 20. a4 Ba6 21. Nf4 Rc8 22. Rd2 Rdc7 23. h4 Nd4 24. Qd1 Nd7 25. Bh3 Bf6 26. Ne1 Ne5 27. Nfg2 Nec6 28. Rb1 Na5 29. Bc1 Naxb3 30. Rxb3 Nxb3 31. Qxb3 c4 32. dxc4 Bxc4 33. Qb1 Ba2 34. Qxa2 b3 35. Qa3 Rxc1 36. e5 Bxe5 37. a5 Qb8 38. Rd8+ Rxd8 39. Qxc1 b2 40. Qb1 Qc7 41. Nc2 Qxa5 42. Nge3 Qa1 0-1

[Event "USA-ch (Women)"]
[Site "Saint Louis"]
[Date "2018.04.22"]
[Round "5"]
[White "Goletiani, Rusudan"]
[Black "Feng, Maggie"]
[Result "0-1"]
[WhiteElo "2306"]
[BlackElo "2243"]
[PlyCount "56"]
[EventDate "2018.04.18"]
[EventType "tourn"]
[EventRounds "11"]
[EventCountry "USA"]
[SourceTitle "CBM 184 Extra"]
[Source "ChessBase"]
[SourceDate "2018.06.28"]
[SourceVersion "1"]
[SourceVersionDate "2018.06.28"]
[SourceQuality "1"]

1. Nf3 d5 2. b3 Nf6 3. Bb2 e6 4. e3 Bd6 5. Ne5 0-0 6. Bd3 c5 7. 0-0 Nc6 8. Nxc6 bxc6 9. f4 a5 10. g4 Nd7 11. g5 e5 12. Bxh7+ Kxh7 13. Qh5+ Kg8 14. Rf3 Re8 15. Rh3 Kf8 16. Na3 Ke7 17. Rf1 Ba6 18. fxe5 Bxf1 19. Rf3 Nxe5 20. Bxe5 Bxe5 21. Rxf7+ Kd6 22. Rxf1 Rf8 23. Re1 Qe8 24. Qg4 Qe6 25. Qxe6+ Kxe6 26. d4 Bd6 27. c4 Rf5 28. h4 Bg3 0-1

[Event "USA-ch (Women)"]
[Site "Saint Louis"]
[Date "2018.04.18"]
[Round "1"]
[White "Goletiani, Rusudan"]
[Black "Zatonskih, Anna"]
[Result "1/2-1/2"]
[WhiteElo "2306"]
[BlackElo "2444"]
[PlyCount "100"]
[EventDate "2018.04.18"]
[EventType "tourn"]
[EventRounds "11"]
[EventCountry "USA"]
[SourceTitle "CBM 184 Extra"]
[Source "ChessBase"]
[SourceDate "2018.06.28"]
[SourceVersion "1"]
[SourceVersionDate "2018.06.28"]
[SourceQuality "1"]

1. c4 e6 2. Nf3 Nf6 3. g3 d5 4. b3 d4 5. e3 c5 6. Bg2 Nc6 7. exd4 cxd4 8. 0-0 Bd6 9. Re1 0-0 10. d3 e5 11. Bg5 h6 12. Bxf6 Qxf6 13. Nbd2 Qd8 14. a3 a5 15. c5 Bc7 16. Nc4 f6 17. Rb1 Na7 18. Nh4 Nb5 19. Qh5 Nc3 20. Rbc1 Qe8 21. Qf3 f5 22. Rxc3 dxc3 23. Qd5+ Kh7 24. Nxe5 Bxe5 25. Nf3 c2 26. Nxe5 Be6 27. Qd4 Bxb3 28. Bxb7 Rb8 29. c6 Qe7 30. Qc3 Rxb7 31. cxb7 Qxb7 32. Qxa5 Rc8 33. Nc4 Bxc4 34. dxc4 Rxc4 35. Rc1 Qd7 36. Kg2 Qc6+ 37. Kg1 Qd7 38. Kg2 f4 39. Qe5 Qc6+ 40. Kg1 f3 41. Qf5+ Kg8 42. h4 Rc5 43. Qd3 Rc3 44. Qd2 Qc8 45. Kh2 Kh8 46. a4 Rc4 47. a5 Qc7 48. Kg1 Qc8 49. Kh2 Qc7 50. Kg1 Qc8 1/2-1/2

[Event "Philadelphia op 12th"]
[Site "Philadelphia"]
[Date "2018.04.01"]
[Round "9"]
[White "Wong, Jianwen"]
[Black "Goletiani, Rusudan"]
[Result "1/2-1/2"]
[WhiteElo "2153"]
[BlackElo "2306"]
[PlyCount "111"]
[EventDate "2018.03.28"]
[EventType "swiss"]
[EventRounds "9"]
[EventCountry "USA"]
[SourceTitle "CBM 183 Extra"]
[Source "ChessBase"]
[SourceDate "2018.04.19"]
[SourceVersion "1"]
[SourceVersionDate "2018.04.19"]
[SourceQuality "1"]

1. b3 e5 2. Bb2 d6 3. e3 Nf6 4. d4 Qe7 5. c4 exd4 6. Bxd4 Nc6 7. Bb2 Bf5 8. Nc3 0-0-0 9. Nf3 d5 10. cxd5 Nb4 11. Nd4 Be4 12. Nxe4 Qxe4 13. a3 Nfxd5 14. Qb1 Qxb1+ 15. Rxb1 c5 16. axb4 cxd4 17. Bxd4 Bxb4+ 18. Ke2 f6 19. Kf3 Kb8 20. Rc1 Ne7 21. Rc4 Nc6 22. Bd3 Bd6 23. Bf5 Be5 24. Bc5 Rd2 25. Rc2 Rxc2 26. Bxc2 g6 27. h4 Rc8 28. Be4 f5 29. Bd5 Bf6 30. Kf4 Rd8 31. Bxc6 bxc6 32. h5 Rd2 33. hxg6 hxg6 34. e4 Bd4 35. Bxd4 Rxd4 36. Re1 Rb4 37. Re3 Kc7 38. Ke5 fxe4 39. g4 a5 40. Ke6 g5 41. Kf6 Kd6 42. Kxg5 Kd5 43. Kf4 a4 44. bxa4 Rxa4 45. g5 Ra2 46. f3 exf3 47. Rxf3 c5 48. g6 Rg2 49. Kf5 c4 50. Kf6 Kd4 51. Rf4+ Kd3 52. Rf3+ Kd2 53. g7 c3 54. Rxc3 Kxc3 55. Kf7 Rxg7+ 56. Kxg7 1/2-1/2

[Event "Philadelphia op 12th"]
[Site "Philadelphia"]
[Date "2018.03.31"]
[Round "6"]
[White "Goletiani, Rusudan"]
[Black "Mujumdar, Sameer Suhas"]
[Result "0-1"]
[WhiteElo "2306"]
[BlackElo "2092"]
[PlyCount "128"]
[EventDate "2018.03.28"]
[EventType "swiss"]
[EventRounds "9"]
[EventCountry "USA"]
[SourceTitle "CBM 183 Extra"]
[Source "ChessBase"]
[SourceDate "2018.04.19"]
[SourceVersion "1"]
[SourceVersionDate "2018.04.19"]
[SourceQuality "1"]

1. c4 Nf6 2. Nf3 g6 3. Nc3 Bg7 4. e4 d6 5. d4 0-0 6. Be2 Na6 7. 0-0 e5 8. Re1 exd4 9. Nxd4 Nc5 10. f3 a5 11. Bg5 c6 12. Kh1 Nfxe4 13. Nxe4 Nxe4 14. Be3 Nf6 15. Qd2 Re8 16. Rad1 Be6 17. Bh6 Bxh6 18. Qxh6 Qb6 19. Qf4 Nh5 20. Qd2 Rad8 21. Bf1 Qb4 22. Qc1 Ng7 23. Bd3 Bc8 24. f4 Qc5 25. Qc3 Bg4 26. Rc1 Qb4 27. Rf1 Ne6 28. Nb3 Qxc3 29. Rxc3 Nc5 30. Bc2 Na4 31. Rg3 Be2 32. Rb1 Bxc4 33. Nxa5 Bxa2 34. Ra1 Nb6 35. h4 Bd5 36. Nxb7 Rd7 37. Na5 Re2 38. Bb3 Ra7 39. Bxd5 Nxd5 40. Rga3 Rxb2 41. f5 Rc2 42. Nb3 Rxa3 43. Rxa3 Kg7 44. Ra7 Ne3 45. fxg6 hxg6 46. Nd4 Rc4 47. Ne6+ Kf6 48. Nd8 Rxh4+ 49. Kg1 c5 50. Rxf7+ Ke5 51. Re7+ Kd4 52. Ne6+ Kc4 53. Nxc5 dxc5 54. Rxe3 Rf4 55. Re1 Kd5 56. Kh2 c4 57. Kg3 Rf6 58. Rd1+ Kc5 59. Rc1 Kd4 60. Rd1+ Kc3 61. Kg4 Kc2 62. Rd7 c3 63. Kg5 Rb6 64. Kf4 Kb2 0-1

[Event "USA-ch (Women)"]
[Site "Saint Louis"]
[Date "2015.04.05"]
[Round "5"]
[White "Krush, Irina"]
[Black "Goletiani, Rusudan"]
[Result "1-0"]
[WhiteElo "2477"]
[BlackElo "2311"]
[PlyCount "95"]
[EventDate "2015.04.01"]
[EventType "tourn"]
[EventRounds "11"]
[EventCountry "USA"]
[SourceTitle "CBM 165 Extra"]
[Source "ChessBase"]
[SourceDate "2015.04.21"]
[SourceVersion "1"]
[SourceVersionDate "2015.04.21"]
[SourceQuality "1"]

1. d4 e6 2. c4 Bb4+ 3. Bd2 Bxd2+ 4. Qxd2 f5 5. Nc3 Nf6 6. e3 Qe7 7. Bd3 d6 8. Qc2 0-0 9. Nge2 Nc6 10. a3 e5 11. dxe5 Nxe5 12. 0-0 Nfg4 13. h3 Qh4 14. Nf4 g5 15. Nfd5 f4 16. exf4 gxf4 17. f3 Ne3 18. Nxe3 fxe3 19. Rae1 Bxh3 20. Rxe3 Kh8 21. Qf2 Qh6 22. Rxe5 Bxg2 23. Rh5 Qxh5 24. Qd4+ Kg8 25. Kxg2 Rf7 26. Qd5 Qh6 27. Rh1 Qd2+ 28. Ne2 Kf8 29. Rh4 Re8 30. Re4 Rxe4 31. Qxe4 Qxb2 32. a4 h5 33. c5 Qa3 34. Nf4 Qb2+ 35. Kh3 Qf6 36. Ng6+ Kg7 37. Nh4 Kf8 38. Bc4 Rg7 39. Qxb7 Qe7 40. Nf5 Qd8 41. cxd6 Rd7 42. Qb2 Rh7 43. Qg2 Rf7 44. Bxf7 Kxf7 45. Qg7+ Ke6 46. dxc7 Qc8 47. Qe7+ Kxf5 48. Qd8 1-0

[Event "USA-ch (Women)"]
[Site "Saint Louis"]
[Date "2015.04.03"]
[Round "3"]
[White "Ni, Viktorija"]
[Black "Goletiani, Rusudan"]
[Result "0-1"]
[WhiteElo "2188"]
[BlackElo "2311"]
[PlyCount "58"]
[EventDate "2015.04.01"]
[EventType "tourn"]
[EventRounds "11"]
[EventCountry "USA"]
[SourceTitle "CBM 165 Extra"]
[Source "ChessBase"]
[SourceDate "2015.04.21"]
[SourceVersion "1"]
[SourceVersionDate "2015.04.21"]
[SourceQuality "1"]

1. d4 Nf6 2. c4 e6 3. Nc3 Bb4 4. e3 b6 5. Bd3 Bb7 6. Nf3 c5 7. 0-0 0-0 8. a3 Bxc3 9. bxc3 Ne4 10. Nd2 Nxd2 11. Bxd2 f5 12. d5 exd5 13. Qf3 Nc6 14. cxd5 Ne5 15. Qe2 Bxd5 16. e4 Nxd3 17. exd5 c4 18. a4 Qf6 19. a5 b5 20. a6 f4 21. Rfb1 Rab8 22. Qf3 Qg6 23. Qh3 Rf5 24. Qf3 Rf6 25. Qh3 Qf7 26. Qf3 Rf5 27. Ra4 Rxd5 28. Rxc4 Ne5 29. Qxf4 Rxd2 0-1

[Event "USA-ch (Women)"]
[Site "Saint Louis"]
[Date "2015.04.02"]
[Round "2"]
[White "Goletiani, Rusudan"]
[Black "Foisor, Sabina Francesca"]
[Result "1-0"]
[WhiteElo "2311"]
[BlackElo "2276"]
[PlyCount "175"]
[EventDate "2015.04.01"]
[EventType "tourn"]
[EventRounds "11"]
[EventCountry "USA"]
[SourceTitle "CBM 165 Extra"]
[Source "ChessBase"]
[SourceDate "2015.04.21"]
[SourceVersion "1"]
[SourceVersionDate "2015.04.21"]
[SourceQuality "1"]

1. c4 c6 2. Nf3 d5 3. b3 Bg4 4. e3 Nf6 5. Bb2 e6 6. h3 Bh5 7. Be2 Nbd7 8. Nc3 Bd6 9. cxd5 exd5 10. Nd4 Bg6 11. 0-0 0-0 12. Nf3 h6 13. d3 Qe7 14. Qd2 Rfe8 15. Rfe1 Rad8 16. Rad1 Nf8 17. Qc1 Ne6 18. Nb1 a5 19. a3 Nc5 20. Qc3 Qc7 21. Nbd2 Rc8 22. Nf1 Qb6 23. N1d2 Qa7 24. Qc2 Ne6 25. Bxf6 gxf6 26. Qb2 Kg7 27. Rc1 Nf8 28. Nh4 Rc7 29. Ndf3 Ne6 30. Nh2 Be5 31. Qa2 f5 32. N2f3 Bf6 33. Bf1 Rce7 34. Qd2 Nc5 35. Qc2 Ne6 36. g3 d4 37. e4 fxe4 38. dxe4 Ng5 39. Nxg5 hxg5 40. Nxg6 fxg6 41. Bd3 Qb8 42. Qd2 Rh8 43. Bf1 Qe5 44. b4 axb4 45. axb4 Qd6 46. Bg2 Qd7 47. Rc5 Ree8 48. e5 Bd8 49. Rc4 Bb6 50. Qxg5 Qe6 51. Bf1 Rh5 52. Qf6+ Qxf6 53. exf6+ Kf7 54. Rxe8 Kxe8 55. b5 Rxb5 56. Rc1 Rf5 57. Rb1 Bc5 58. Bd3 Rxf6 59. Rxb7 Be7 60. h4 c5 61. Kg2 Kf8 62. Bc4 Rd6 63. Rb3 Kg7 64. f4 Rd7 65. Kf3 Ra7 66. Ke4 Ra1 67. Kd5 Re1 68. Rb7 Kf8 69. g4 Bxh4 70. Kxc5 Re7 71. Rb8+ Re8 72. Rb7 Re7 73. Rb3 Bf2 74. Bd3 Rf7 75. f5 gxf5 76. gxf5 Kg7 77. Kd5 Rf8 78. Rb7+ Rf7 79. Rb6 Rf6 80. Rb2 Be3 81. Ke5 Rf8 82. f6+ Kh6 83. Kf5 Kh7 84. Rh2+ Bh6 85. Ke6+ Kg8 86. Rxh6 Re8+ 87. Kf5 Rc8 88. Kg6 1-0

[Event "USA-ch (Women)"]
[Site "Saint Louis"]
[Date "2015.04.01"]
[Round "1"]
[White "Nemcova, Katerina"]
[Black "Goletiani, Rusudan"]
[Result "1/2-1/2"]
[WhiteElo "2279"]
[BlackElo "2311"]
[PlyCount "141"]
[EventDate "2015.04.01"]
[EventType "tourn"]
[EventRounds "11"]
[EventCountry "USA"]
[SourceTitle "CBM 165 Extra"]
[Source "ChessBase"]
[SourceDate "2015.04.21"]
[SourceVersion "1"]
[SourceVersionDate "2015.04.21"]
[SourceQuality "1"]

1. e4 c5 2. Nf3 e6 3. d4 cxd4 4. Nxd4 a6 5. Nc3 b5 6. Bd3 Qb6 7. Be3 Bc5 8. Be2 Nc6 9. Nxc6 Bxe3 10. fxe3 dxc6 11. Qd4 Qxd4 12. exd4 Ne7 13. e5 0-0 14. Ne4 Nf5 15. c3 Ne3 16. Kf2 Nd5 17. Bf3 f6 18. exf6 gxf6 19. Rhe1 Ra7 20. a4 Re7 21. axb5 axb5 22. Nd6 Nf4 23. Re3 Rd7 24. Nxc8 Rxc8 25. Kg3 e5 26. dxe5 fxe5 27. Rxe5 Ng6 28. Rc5 Ne7 29. Re1 Rf8 30. Re2 Rf6 31. h3 Kf8 32. Kh2 Rdd6 33. Rh5 Rf7 34. Rhe5 Ng6 35. Re6 Rf6 36. Re8+ Kg7 37. Rc8 Kh6 38. Rc7 Nh4 39. Be4 Ng6 40. g4 Rfe6 41. Rf7 Rd8 42. Rg2 Nf8 43. g5+ Kh5 44. Bf3+ Kg6 45. Rc7 Rd3 46. Be2 Rd7 47. Rxd7 Nxd7 48. Bd3+ Kg7 49. Bf5 Re7 50. Rd2 Ne5 51. Rd6 Rf7 52. Be4 Rf2+ 53. Kg3 Rxb2 54. Re6 Nf7 55. g6 hxg6 56. Rxg6+ Kf8 57. Rxc6 b4 58. cxb4 Rxb4 59. Bd5 Rd4 60. Bc4 Ne5 61. Rc8+ Kg7 62. Be2 Re4 63. Bg4 Nxg4 64. hxg4 Re5 65. Kh4 Ra5 66. Rc7+ Kg6 67. Rc6+ Kg7 68. Rc4 Rb5 69. g5 Rb1 70. Rc7+ Kg6 71. Rc6+ 1/2-1/2

[Event "World op 42nd"]
[Site "Arlington"]
[Date "2014.07.02"]
[Round "1"]
[White "Laznicka, Viktor"]
[Black "Goletiani, Rusudan"]
[Result "1-0"]
[WhiteElo "2679"]
[BlackElo "2325"]
[PlyCount "143"]
[EventDate "2014.07.02"]
[EventType "swiss"]
[EventRounds "9"]
[EventCountry "USA"]
[SourceTitle "CBM 161 Extra"]
[Source "ChessBase"]
[SourceDate "2014.08.29"]
[SourceVersion "1"]
[SourceVersionDate "2014.08.29"]
[SourceQuality "1"]

1. d4 Nf6 2. c4 e6 3. Nc3 c5 4. d5 exd5 5. cxd5 d6 6. Nf3 g6 7. Bf4 Bg7 8. e3 0-0 9. h3 Na6 10. Nd2 Nc7 11. Nc4 b5 12. Nxd6 b4 13. Na4 Nfxd5 14. Bh2 Qe7 15. Nxc8 Rfxc8 16. Bxc7 Nxc7 17. Rc1 Ne6 18. Bc4 Rd8 19. Qe2 Qd7 20. Qc2 Rac8 21. 0-0 Bf8 22. b3 Qc6 23. Rfd1 Ng5 24. Be2 Qe4 25. Bd3 Qe5 26. Nb2 Bd6 27. Kf1 Qh2 28. Be4 Be5 29. Nc4 Bc3 30. Ke2 Re8 31. Rh1 Qc7 32. Bd5 Rcd8 33. Rcd1 Ne6 34. Bxe6 Rxe6 35. a4 Rde8 36. Qd3 Qe7 37. Qd5 Qh4 38. g3 Qe7 39. Rd3 Rf6 40. Rhd1 Re6 41. h4 h5 42. Qd7 Bf6 43. Qxe7 R6xe7 44. Rd6 Re6 45. R1d5 Rxd6 46. Rxd6 Re6 47. Rxe6 fxe6 48. Kd3 g5 49. hxg5 Bxg5 50. Ne5 h4 51. gxh4 Bxh4 52. f3 Kg7 53. Kc4 Kf6 54. Nc6 Bf2 55. Nxa7 Ke7 56. e4 Kd7 57. a5 Kc7 58. Nb5+ Kb7 59. a6+ Kxa6 60. Nc7+ Kb6 61. Nxe6 Kc6 62. Nf4 Kd6 63. Nd3 Be3 64. f4 Bd2 65. f5 Bc3 66. e5+ Kc6 67. f6 Kd7 68. Nxc5+ Ke8 69. Kd5 Kf7 70. Ne4 Be1 71. e6+ Ke8 72. Nd6+ 1-0

[Event "USA-ch (Women)"]
[Site "Saint Louis"]
[Date "2012.05.12"]
[Round "4"]
[White "Ni, Viktorija"]
[Black "Goletiani, Rusudan"]
[Result "1-0"]
[WhiteElo "2228"]
[BlackElo "2333"]
[PlyCount "55"]
[EventDate "2012.05.08"]
[EventType "tourn"]
[EventRounds "9"]
[EventCountry "USA"]
[EventCategory "3"]
[SourceTitle "CBM 148 Extra"]
[Source "ChessBase"]
[SourceDate "2012.06.22"]
[SourceVersion "1"]
[SourceVersionDate "2012.06.22"]
[SourceQuality "1"]

1. d4 f5 2. g3 Nf6 3. Bg2 g6 4. Nc3 d5 5. Bg5 c6 6. Qd2 Be6 7. h4 Nbd7 8. Nh3 Bf7 9. Bh6 Bxh6 10. Qxh6 Qb6 11. 0-0-0 0-0-0 12. h5 e5 13. e3 Rdg8 14. dxe5 Nxe5 15. hxg6 hxg6 16. Qf4 Nc4 17. b3 Qa5 18. Nb1 Nh5 19. Qd4 Nd6 20. Ng5 Rd8 21. g4 c5 22. Qc3 Qxc3 23. Nxc3 fxg4 24. Nxd5 Bxd5 25. Rxd5 b6 26. Ne6 Nf5 27. Nxd8 Rxd8 28. Rxf5 1-0

[Event "USA-ch (Women)"]
[Site "Saint Louis"]
[Date "2012.05.10"]
[Round "3"]
[White "Goletiani, Rusudan"]
[Black "Melekhina, Alisa"]
[Result "1-0"]
[WhiteElo "2333"]
[BlackElo "2242"]
[PlyCount "57"]
[EventDate "2012.05.08"]
[EventType "tourn"]
[EventRounds "9"]
[EventCountry "USA"]
[EventCategory "3"]
[SourceTitle "CBM 148 Extra"]
[Source "ChessBase"]
[SourceDate "2012.06.22"]
[SourceVersion "1"]
[SourceVersionDate "2012.06.22"]
[SourceQuality "1"]

1. c4 g6 2. g3 Bg7 3. Bg2 d6 4. Nc3 e5 5. d3 Ne7 6. h4 h6 7. e4 Nd7 8. h5 g5 9. f4 exf4 10. gxf4 Nc6 11. Nge2 Nd4 12. Be3 Nxe2 13. Qxe2 Nf8 14. fxg5 hxg5 15. Qd2 Ne6 16. 0-0-0 c5 17. Nd5 Rh6 18. Bh3 f6 19. Bf5 Nf8 20. d4 Bxf5 21. exf5 cxd4 22. Qxd4 Kf7 23. Nc3 Qa5 24. Nb5 Kg8 25. Qd5+ Kh7 26. Qxb7 Re8 27. Qxa7 Qb4 28. Nxd6 Rd8 29. Bc5 1-0

[Event "Philadelphia op 6th"]
[Site "Philadelphia"]
[Date "2012.04.08"]
[Round "9"]
[White "Goletiani, Rusudan"]
[Black "Gurevich, Dmitry"]
[Result "1/2-1/2"]
[WhiteElo "2344"]
[BlackElo "2466"]
[PlyCount "69"]
[EventDate "2012.04.04"]
[EventType "swiss"]
[EventRounds "9"]
[EventCountry "USA"]
[SourceTitle "CBM 147 Extra"]
[Source "ChessBase"]
[SourceDate "2012.04.24"]
[SourceVersion "1"]
[SourceVersionDate "2012.04.24"]
[SourceQuality "1"]

1. Nf3 d5 2. c4 c6 3. g3 Nf6 4. Bg2 g6 5. b3 Bg7 6. Bb2 0-0 7. 0-0 a5 8. d3 Na6 9. Nbd2 a4 10. cxd5 cxd5 11. Rc1 b6 12. Bd4 Nd7 13. bxa4 Nac5 14. Bxg7 Kxg7 15. Nd4 Bb7 16. Nb5 Nf6 17. d4 Nxa4 18. Qb3 Ra5 19. Qb4 Qd7 20. Na3 Raa8 21. Rc2 Rfc8 22. Rfc1 Qd6 23. Qb3 Nc3 24. Rxc3 Rxa3 25. Qb2 Rca8 26. Rxa3 Qxa3 27. Qxa3 Rxa3 28. Rc2 Ba6 29. Bf1 Ne8 30. e3 Bxf1 31. Kxf1 Nd6 32. Rb2 b5 33. Nb1 Ra5 34. Nc3 e6 35. Rb4 1/2-1/2

[Event "Philadelphia op 6th"]
[Site "Philadelphia"]
[Date "2012.04.05"]
[Round "3"]
[White "Vibbert, Sean"]
[Black "Goletiani, Rusudan"]
[Result "1-0"]
[WhiteElo "2180"]
[BlackElo "2344"]
[PlyCount "73"]
[EventDate "2012.04.04"]
[EventType "swiss"]
[EventRounds "9"]
[EventCountry "USA"]
[SourceTitle "CBM 147 Extra"]
[Source "ChessBase"]
[SourceDate "2012.04.24"]
[SourceVersion "1"]
[SourceVersionDate "2012.04.24"]
[SourceQuality "1"]

1. e4 c5 2. Nf3 e6 3. d4 cxd4 4. Nxd4 a6 5. Bd3 Nf6 6. Nc3 Qc7 7. 0-0 Be7 8. a4 b6 9. Be3 Bb7 10. f4 d6 11. h3 Nbd7 12. g4 Nc5 13. Qf3 Nfd7 14. Rac1 0-0 15. b4 Nxd3 16. cxd3 Qd8 17. f5 e5 18. Nb3 Bg5 19. Nd2 h6 20. Nc4 Be7 21. Nd5 Bxd5 22. exd5 Bg5 23. Bxg5 Qxg5 24. Nxd6 Qe7 25. Rc6 f6 26. Rfc1 e4 27. Qxe4 Ne5 28. Nc8 Qe8 29. Nxb6 Rb8 30. a5 Qd8 31. Re6 Nf7 32. Re7 Ng5 33. Rcc7 Rf7 34. Rxf7 Nxe4 35. Rxg7+ Kf8 36. Rcf7+ Ke8 37. Nd7 1-0

[Event "USA-chT Amateur East"]
[Site "Parsippany"]
[Date "2012.02.20"]
[Round "6"]
[White "Hess, Robert L"]
[Black "Goletiani, Rusudan"]
[Result "1-0"]
[WhiteElo "2625"]
[BlackElo "2344"]
[PlyCount "117"]
[EventDate "2012.02.18"]
[EventType "team-swiss"]
[EventRounds "6"]
[EventCountry "USA"]
[SourceTitle "CBM 147 Extra"]
[Source "ChessBase"]
[SourceDate "2012.04.24"]
[SourceVersion "1"]
[SourceVersionDate "2012.04.24"]
[SourceQuality "1"]

1. e4 c5 2. c3 Nf6 3. e5 Nd5 4. Nf3 e6 5. d4 cxd4 6. cxd4 d6 7. Bc4 Nb6 8. Bd3 Bd7 9. 0-0 Bc6 10. Nc3 N8d7 11. Bf4 dxe5 12. dxe5 Nc5 13. Bb5 Bxb5 14. Nxb5 Nd5 15. Bg5 Qd7 16. Na3 h6 17. Bh4 Be7 18. Nc4 0-0 19. Bxe7 Qxe7 20. Qd4 Rfd8 21. Nd6 b6 22. Nd2 Nc7 23. N2c4 Nb5 24. Qe3 Nxd6 25. exd6 Qg5 26. f4 Qd5 27. Rac1 Qe4 28. Qd2 Qd5 29. Qe3 Qe4 30. Qd2 Qd5 31. Rfd1 Qxd2 32. Rxd2 Ne4 33. Rd4 Nf6 34. Na3 Nd5 35. Rc6 Rac8 36. Rxc8 Rxc8 37. Nb5 Rd8 38. Ra4 Rd7 39. Rxa7 Rxa7 40. Nxa7 Kf8 41. Kf2 Ke8 42. Kf3 Kd7 43. Nb5 Nb4 44. a3 Nd3 45. b4 Kc6 46. Ke4 Nf2+ 47. Kd4 Ng4 48. a4 Nf6 49. Nc3 Ne8 50. Ne4 f5 51. Nd2 Nxd6 52. Nc4 Nc8 53. Ke5 Kd7 54. b5 Ke7 55. a5 bxa5 56. b6 Kd7 57. b7 Na7 58. Nxa5 Kc7 59. Kxe6 1-0

[Event "USA-ch (Women)"]
[Site "Saint Louis"]
[Date "2011.04.18"]
[Round "4"]
[White "Abrahamyan, Tatev"]
[Black "Goletiani, Rusudan"]
[Result "1-0"]
[WhiteElo "2326"]
[BlackElo "2367"]
[PlyCount "81"]
[EventDate "2011.04.15"]
[EventType "tourn"]
[EventRounds "7"]
[EventCountry "USA"]
[EventCategory "5"]
[SourceTitle "CBM 141 Extra"]
[Source "ChessBase"]
[SourceDate "2011.05.03"]
[SourceVersion "1"]
[SourceVersionDate "2011.05.03"]
[SourceQuality "1"]

1. e4 c5 2. Nf3 e6 3. d4 cxd4 4. Nxd4 a6 5. Bd3 Nf6 6. 0-0 Qc7 7. Nc3 d6 8. Qe2 Nbd7 9. Kh1 Be7 10. f4 b6 11. Bd2 Bb7 12. Rae1 Nc5 13. b4 Nxd3 14. cxd3 0-0 15. Rf3 Rfe8 16. Rh3 g6 17. e5 Nd7 18. Ne4 dxe5 19. fxe5 Qxe5 20. Qf2 Nf8 21. Nf3 Qb2 22. Qxb6 Bxe4 23. dxe4 Rad8 24. Qe3 Bxb4 25. Bxb4 Qxb4 26. Ne5 Qd2 27. Qg3 Rc8 28. Nf3 Qb2 29. Qf4 Qf2 30. Rg1 Rc2 31. e5 Rb8 32. Qh6 Rxa2 33. Ne1 Rb1 34. Rf3 Qd4 35. Qg5 Nd7 36. Qd8+ Kg7 37. Rgf1 Qxe5 38. Rxf7+ Kh6 39. Qxd7 Rxe1 40. Rxh7+ Kg5 41. Qe7+ 1-0

[Event "USA-ch (Women)"]
[Site "Saint Louis"]
[Date "2011.04.17"]
[Round "3"]
[White "Goletiani, Rusudan"]
[Black "Krush, Irina"]
[Result "0-1"]
[WhiteElo "2367"]
[BlackElo "2472"]
[PlyCount "86"]
[EventDate "2011.04.15"]
[EventType "tourn"]
[EventRounds "7"]
[EventCountry "USA"]
[EventCategory "5"]
[SourceTitle "CBM 141 Extra"]
[Source "ChessBase"]
[SourceDate "2011.05.03"]
[SourceVersion "1"]
[SourceVersionDate "2011.05.03"]
[SourceQuality "1"]

1. e4 c5 2. Nf3 d6 3. d4 cxd4 4. Nxd4 Nf6 5. Nc3 Nc6 6. Bg5 e6 7. Qd2 a6 8. 0-0-0 Bd7 9. f4 b5 10. e5 dxe5 11. fxe5 Nxe5 12. Re1 Qc7 13. Bxf6 gxf6 14. Ne4 Be7 15. Qh6 Ng6 16. Kb1 f5 17. Nc3 b4 18. Nd1 e5 19. Nf3 e4 20. Nd4 Qe5 21. Nb3 a5 22. Bc4 Rc8 23. Nd2 Bf6 24. g4 Bg7 25. Qe3 0-0 26. gxf5 Bxf5 27. Bb3 Rfd8 28. Rhf1 Kh8 29. h3 Ne7 30. Qf2 Bg6 31. Qg2 f5 32. Qg5 h6 33. Qe3 Bh5 34. Rg1 Bxd1 35. Rxg7 Qxg7 36. Rxd1 Qg5 37. Qe2 Nc6 38. c3 bxc3 39. bxc3 Ne5 40. Qb5 Qf6 41. Kc2 Rxc3+ 42. Kb1 Rcd3 43. h4 e3 0-1

[Event "Philadelphia National op 41st"]
[Site "Philadelphia"]
[Date "2010.11.28"]
[Round "6"]
[White "Ding, Andrew"]
[Black "Goletiani, Rusudan"]
[Result "0-1"]
[WhiteElo "2032"]
[BlackElo "2366"]
[PlyCount "42"]
[EventDate "2010.11.26"]
[EventType "swiss"]
[EventRounds "6"]
[EventCountry "USA"]
[SourceTitle "CBM 139 Extra"]
[Source "ChessBase"]
[SourceDate "2011.01.05"]
[SourceVersion "1"]
[SourceVersionDate "2011.01.05"]
[SourceQuality "1"]

1. d4 Nf6 2. c4 e6 3. Nc3 Bb4 4. e3 c5 5. Bd3 0-0 6. a3 Ba5 7. Nge2 d6 8. 0-0 Nc6 9. Bc2 a6 10. f4 Re8 11. d5 exd5 12. cxd5 Nb8 13. h3 b5 14. Ng3 c4 15. e4 Bb6+ 16. Kh1 Ng4 17. Qf3 Qh4 18. Bd2 Nf6 19. Be1 Qh6 20. Nf5 Bxf5 21. exf5 Re3 0-1

[Event "Philadelphia National op 41st"]
[Site "Philadelphia"]
[Date "2010.11.28"]
[Round "5"]
[White "Goletiani, Rusudan"]
[Black "Prilleltensky, Matan"]
[Result "1/2-1/2"]
[WhiteElo "2366"]
[BlackElo "2122"]
[PlyCount "83"]
[EventDate "2010.11.26"]
[EventType "swiss"]
[EventRounds "6"]
[EventCountry "USA"]
[SourceTitle "CBM 139 Extra"]
[Source "ChessBase"]
[SourceDate "2011.01.05"]
[SourceVersion "1"]
[SourceVersionDate "2011.01.05"]
[SourceQuality "1"]

1. Nf3 Nf6 2. g3 g6 3. c4 Bg7 4. Bg2 0-0 5. Nc3 d6 6. d3 e5 7. Bg5 h6 8. Bxf6 Bxf6 9. 0-0 Bg7 10. Rb1 a5 11. a3 Nc6 12. b4 axb4 13. axb4 Be6 14. Nd2 e4 15. b5 Ne7 16. Qb3 exd3 17. exd3 Rb8 18. Rfe1 Qd7 19. Ra1 Nf5 20. Nf3 Rfe8 21. Ra7 g5 22. h3 Nd4 23. Nxd4 Bxd4 24. Rxb7 Rxb7 25. Bxb7 Bxh3 26. Re2 Rb8 27. Be4 Qg4 28. Kh2 Bxc3 29. Qxc3 Qxe2 30. Kxh3 Qxf2 31. Qa5 Qf1+ 32. Kh2 Qf2+ 33. Kh1 Qc5 34. Bc6 Qb6 35. Qc3 Rf8 36. Qf6 Qe3 37. Be4 Re8 38. Kh2 Qd2+ 39. Kh3 g4+ 40. Kxg4 Qg5+ 41. Qxg5+ hxg5 42. Kxg5 1/2-1/2